000
00271nam a2200109Ia 4500
008
220204s9999 xx 000 0 und d
082
_a
065
_b
JOS;1
100
_a
S D
245
0
_a
Management: An exercise in positive living
260
_a
Bombay
_b
Samaiya
_c
1978
942
_c
BK
999
_c
31172
_d
31172